000 00526nam a2200169Ia 4500
008 090711s9999 xx 000 0 und d
082 _b73343
100 _aटिकेकर अरुण
245 _aतारतम्य
260 _bसुमंगल प्रेस (प्रा.) लिमिटेड
_c1990
300 _a228
600 _aटिकेकर अरुण
630 _aतारतम्य
700 _aटिकेकर अरुण
730 _aतारतम्य
942 _cBOOK
999 _c331462
_d331462